[Event "Budapest zt-B"]
[Site "Budapest"]
[Date "1993.??.??"]
[Round "1"]
[White "Istratescu, Andrei"]
[Black "Chernin, Alexander"]
[Result "1/2-1/2"]
[WhiteElo "2470"]
[BlackElo "2600"]
[EventDate "1993.03.??"]
[PlyCount "39"]

1.e4 e6 2.d4 d5 3.Nd2 c5 4.exd5 Qxd5 5.Ngf3 cxd4 6.Bc4 Qd6 7.O-O Nf6 8.Nb3
Nc6 9.Nbxd4 Nxd4 10.Qxd4 Qxd4 11.Nxd4 Bd7 12.Bf4 Rc8 13.Be2 Bc5 14.Nb3 Bb6
15.c3 Ke7 16.a4 a6 17.a5 Ba7 18.Rfd1 Rhd8 19.Nd4 Be8 20.Be3 1/2-1/2

[Event "Budapest zt-B"]
[Site "Budapest"]
[Date "1993.??.??"]
[Round "1"]
[White "Stohl, Igor"]
[Black "Kuczynski, Robert"]
[Result "1-0"]
[WhiteElo "2200"]
[BlackElo "2200"]
[EventDate "1993.03.??"]
[PlyCount "83"]

1.d4 d5 2.c4 c6 3.Nc3 Nf6 4.Nf3 e6 5.Bg5 h6 6.Bxf6 Qxf6 7.Qb3 a5 8.e4 dxe4
9.Nxe4 Bb4+ 10.Kd1 Qf4 11.Bd3 Be7 12.Ne5 h5 13.g3 Qh6 14.Qb6 f6 15.Ng6 Nd7
16.Qb3 a4 17.Qc3 f5 18.Nxe7 fxe4 19.Nxc8 Rxc8 20.Bxe4 Nf6 21.Bf3 O-O 22.
Ke2 e5 23.dxe5 Ng4 24.Bxg4 hxg4 25.Rad1 Rce8 26.Rd3 Rf5 27.Re3 Ref8 28.Rf1
Qxh2 29.Qe1 Qh6 30.Kd1 Rf3 31.Rxf3 gxf3 32.Qe3 Qe6 33.Qe4 b5 34.Kc2 bxc4 
35.Rd1 Re8 36.Qxf3 Qxe5 37.Qxc6 Qf5+ 38.Kc1 Qg5+ 39.f4 Qe7 40.Qxc4+ Kf8 
41.Rh1 Qe3+ 42.Kb1 1-0

[Event "Budapest zt-B"]
[Site "Budapest"]
[Date "1993.??.??"]
[Round "2"]
[White "Chernin, Alexander"]
[Black "Polgar, Zsuzsa"]
[Result "0-1"]
[WhiteElo "2200"]
[BlackElo "2200"]
[EventDate "1993.03.??"]
[PlyCount "56"]

1.c4 e5 2.Nc3 Nf6 3.Nf3 Nc6 4.e3 Bb4 5.Qc2 Bxc3 6.Qxc3 Qe7 7.d3 d5 8.cxd5 
Nxd5 9.Qc2 O-O 10.a3 a5 11.b3 Bg4 12.Be2 Rad8 13.O-O f5 14.h3 Bh5 15.Bb2 
e4 16.dxe4 fxe4 17.Ne5 Bxe2 18.Nxc6 bxc6 19.Qxe2 Rd6 20.Rac1 Rg6 21.Bd4 
Rf3 22.g3 Qh4 23.Kh2 Rgxg3 24.fxg3 Qxg3+ 25.Kh1 Qxh3+ 26.Kg1 Rg3+ 27.Kf2 
Qh4 28.Rh1 Rh3+ 0-1

[Event "Budapest zt-B"]
[Site "Budapest"]
[Date "1993.??.??"]
[Round "2"]
[White "Kuczynski, Robert"]
[Black "Gazik, Igor"]
[Result "1/2-1/2"]
[WhiteElo "2525"]
[BlackElo "2425"]
[EventDate "1993.03.??"]
[PlyCount "37"]

1.e4 Nf6 2.e5 Nd5 3.d4 d6 4.c4 Nb6 5.exd6 exd6 6.Nc3 Be7 7.Be2 O-O 8.Nf3 
Bg4 9.h3 Bh5 10.O-O Nc6 11.b3 Bf6 12.Be3 Re8 13.Qd2 d5 14.c5 Nc8 15.g4 Bg6
16.Bb5 Qd7 17.Nh2 a6 18.Bxc6 Qxc6 19.f4 1/2-1/2

[Event "Budapest zt-B"]
[Site "Budapest"]
[Date "1993.??.??"]
[Round "2"]
[White "Marin, Mihail"]
[Black "Istratescu, Andrei"]
[Result "1/2-1/2"]
[WhiteElo "2515"]
[BlackElo "2470"]
[EventDate "1993.03.??"]
[PlyCount "38"]

1.d4 Nf6 2.c4 g6 3.Nc3 Bg7 4.e4 O-O 5.Bd3 Nc6 6.Nge2 e5 7.d5 Nd4 8.O-O c5 
9.f4 d6 10.f5 Qe8 11.Ng3 Bd7 12.Rb1 a5 13.a4 h5 14.Bg5 Nh7 15.Bd2 Qe7 16.
b3 Bf6 17.Bh6 Bg7 18.Bd2 Bf6 19.Bh6 Bg7 1/2-1/2

[Event "Budapest zt-B"]
[Site "Budapest"]
[Date "1993.??.??"]
[Round "3"]
[White "Haba, Petr"]
[Black "Kuczynski, Robert"]
[Result "1/2-1/2"]
[WhiteElo "2485"]
[BlackElo "2525"]
[EventDate "1993.03.??"]
[PlyCount "162"]

1.e4 c5 2.Nf3 d6 3.d4 cxd4 4.Nxd4 Nf6 5.Nc3 a6 6.Be2 Nbd7 7.O-O e6 8.f4 b5
9.Bf3 Bb7 10.a3 Qc7 11.Qe1 Rc8 12.Kh1 Ba8 13.Qg3 h5 14.Be3 Nc5 15.e5 dxe5 
16.fxe5 Nfe4 17.Nxe4 Nxe4 18.Bxe4 Bxe4 19.Rf2 h4 20.Qf4 Bg6 21.h3 Be7 22.
c3 Qb7 23.Raf1 O-O 24.Qg4 Qe4 25.Bf4 Bf5 26.Qh5 Bxh3 27.Re2 Qd5 28.Bg5 
Bxg2+ 29.Rxg2 h3 30.Qxh3 Bxg5 31.Qg4 f6 32.Nxe6 Rc4 33.Nd4 Qxe5 34.Qe6+ 
Qxe6 35.Nxe6 Rh4+ 36.Rh2 Rxh2+ 37.Kxh2 Re8 38.Nxg5 Re2+ 39.Kg3 fxg5 40.Rd1
Rxb2 41.Rd6 a5 42.Ra6 a4 43.c4 bxc4 44.Rxa4 c3 45.Rc4 Rc2 46.a4 Rc1 47.a5 
c2 48.Kg2 Kh7 49.a6 Kg6 50.a7 Ra1 51.Rxc2 Rxa7 52.Kg3 Ra3+ 53.Kg4 Ra4+ 54.
Kg3 Kh5 55.Rh2+ Rh4 56.Ra2 Rg4+ 57.Kf3 Rb4 58.Rh2+ Rh4 59.Ra2 Rh3+ 60.Kg2 
Rb3 61.Ra4 Re3 62.Rb4 Kg6 63.Kf2 Re5 64.Kg3 Kf5 65.Rb3 g4 66.Ra3 Kg5 67.
Rb3 Rf5 68.Rb8 Rf3+ 69.Kg2 Ra3 70.Rc8 Kh4 71.Rh8+ Kg5 72.Rb8 g3 73.Rb4 Kh5
74.Rc4 Kg5 75.Rb4 Kf5 76.Rb5+ Kg4 77.Rb4+ Kh5 78.Rb5+ g5 79.Rb4 g4 80.Rb8 
Kh4 81.Rh8+ Kg5 1/2-1/2

[Event "Budapest zt-B"]
[Site "Budapest"]
[Date "1993.??.??"]
[Round "3"]
[White "Istratescu, Andrei"]
[Black "Stohl, Igor"]
[Result "1/2-1/2"]
[WhiteElo "2470"]
[BlackElo "2540"]
[EventDate "1993.03.??"]
[PlyCount "49"]

1.e4 c5 2.Nf3 d6 3.d4 cxd4 4.Nxd4 Nf6 5.Nc3 e6 6.Bc4 Be7 7.Be3 O-O 8.Bb3 
Na6 9.f4 Nc5 10.Qf3 a5 11.O-O-O a4 12.Bc4 a3 13.Ndb5 axb2+ 14.Kb1 Qa5 15.
e5 dxe5 16.fxe5 Nfd7 17.Qg3 Kh8 18.Rhf1 Nb6 19.Bxc5 Bxc5 20.Bb3 Bd7 21.Nd6
Bxd6 22.Rxd6 Bc6 23.Rd4 Nd7 24.Re1 Nc5 25.Rh4 1/2-1/2

[Event "Budapest zt-B"]
[Site "Budapest"]
[Date "1993.??.??"]
[Round "4"]
[White "Haba, Petr"]
[Black "Istratescu, Andrei"]
[Result "1/2-1/2"]
[WhiteElo "2485"]
[BlackElo "2470"]
[EventDate "1993.03.??"]
[PlyCount "28"]

1.d4 Nf6 2.c4 g6 3.Nc3 Bg7 4.e4 d6 5.f3 O-O 6.Be3 Nbd7 7.Qd2 e5 8.d5 Nh5 
9.Bd3 f5 10.O-O-O fxe4 11.Nxe4 Ndf6 12.Ne2 Nxe4 13.Bxe4 Qe7 14.Nc3 a5 
1/2-1/2

[Event "Budapest zt-B"]
[Site "Budapest"]
[Date "1993.??.??"]
[Round "4"]
[White "Kuczynski, Robert"]
[Black "Sznapik, Aleksander"]
[Result "1/2-1/2"]
[WhiteElo "2525"]
[BlackElo "2440"]
[EventDate "1993.03.??"]
[PlyCount "41"]

1.e4 d6 2.d4 Nf6 3.Nc3 g6 4.Nf3 Bg7 5.Be2 O-O 6.O-O c6 7.a4 Nbd7 8.Re1 Qc7
9.Bf1 e5 10.d5 cxd5 11.exd5 a6 12.h3 Re8 13.Nd2 Nb6 14.Qf3 Bf5 15.a5 Nc8 
16.Qd1 b5 17.axb6 Nxb6 18.Nb3 Bc8 19.Na5 Bd7 20.Be3 Reb8 21.Qd2 1/2-1/2

[Event "Budapest zt-B"]
[Site "Budapest"]
[Date "1993.??.??"]
[Round "4"]
[White "Spasov, Vasil"]
[Black "Gazik, Igor"]
[Result "1-0"]
[WhiteElo "2520"]
[BlackElo "2425"]
[EventDate "1993.03.??"]
[PlyCount "61"]

1.e4 c5 2.Nf3 d6 3.d4 cxd4 4.Nxd4 Nf6 5.Nc3 g6 6.g3 Nc6 7.Nde2 b6 8.Bg2 
Ba6 9.a4 Bg7 10.O-O O-O 11.Re1 Rc8 12.Nb5 Bb7 13.Ned4 Nxd4 14.Nxd4 Qc7 15.
b3 Rfd8 16.c4 d5 17.exd5 Nxd5 18.cxd5 Bxd5 19.Bf4 Qd7 20.Nf3 Bxa1 21.Qxa1 
Bxb3 22.h4 Qxa4 23.Qe5 Re8 24.Nd2 Rc5 25.Qb2 Bd5 26.Bh6 f6 27.Ne4 Bxe4 28.
Rxe4 Qd1+ 29.Kh2 Qc2 30.Qa3 Rc7 31.Rf4 1-0

[Event "Budapest zt-B"]
[Site "Budapest"]
[Date "1993.??.??"]
[Round "5"]
[White "Gazik, Igor"]
[Black "Chernin, Alexander"]
[Result "0-1"]
[WhiteElo "2425"]
[BlackElo "2600"]
[EventDate "1993.03.??"]
[PlyCount "82"]

1.e4 d6 2.d4 Nf6 3.Nc3 g6 4.Be3 c6 5.Qd2 b5 6.f3 Nbd7 7.g4 Nb6 8.b3 Bb7 9.
h4 h5 10.g5 Nfd7 11.f4 Bg7 12.f5 O-O 13.Bh3 c5 14.fxg6 fxg6 15.Nge2 b4 16.
Nd5 Nxd5 17.Be6+ Kh7 18.exd5 Nb6 19.c4 bxc3 20.Nxc3 Bc8 21.O-O-O Bxe6 22.
dxe6 Qc8 23.dxc5 dxc5 24.Rhe1 Rf5 25.Bg1 Qa6 26.Re4 Raf8 27.Kb1 Qb7 28.Re2
Nc4 29.Qd7 Na3+ 30.Kc1 Qb4 31.Na4 c4 32.Re4 Rf3 33.Bc5 Rc3+ 34.Kd2 Rc2+ 
35.Ke3 Qb8 36.Rd6 Rcf2 37.Re5 Nc2+ 38.Ke4 R8f4+ 39.Kd5 Qa8+ 40.Rc6 Rd2+ 
41.Bd4 Rfxd4+ 0-1

[Event "Budapest zt-B"]
[Site "Budapest"]
[Date "1993.??.??"]
[Round "5"]
[White "Istratescu, Andrei"]
[Black "Kuczynski, Robert"]
[Result "0-1"]
[WhiteElo "2470"]
[BlackElo "2525"]
[EventDate "1993.03.??"]
[PlyCount "76"]

1.e4 c5 2.Nf3 d6 3.d4 cxd4 4.Nxd4 Nf6 5.Nc3 a6 6.Bc4 e6 7.Bb3 b5 8.O-O Be7
9.Qf3 Qc7 10.Qg3 O-O 11.Bh6 Ne8 12.a3 Bd7 13.Rad1 Nc6 14.Nxc6 Bxc6 15.f4 
Kh8 16.Bg5 a5 17.f5 b4 18.axb4 axb4 19.fxe6 bxc3 20.exf7 Bxg5 21.Qxg5 cxb2
22.fxe8=Q Qa7+ 23.Kh1 Raxe8 24.Rg1 Bxe4 25.Rb1 Rf2 26.h3 h6 27.Qg3 Qd4 28.
Kh2 Ref8 29.Rbd1 Rd2 30.Rxd2 Qxd2 31.Qg4 d5 32.Qg3 Qc1 33.Ba2 Qxc2 34.Bb1 
Qxb1 35.Rxb1 Bxb1 36.Qd6 Rf2 37.Qxd5 Bg6 38.Qd4 Rxg2+ 0-1

[Event "Budapest zt-B"]
[Site "Budapest"]
[Date "1993.??.??"]
[Round "6"]
[White "Chernin, Alexander"]
[Black "Sznapik, Aleksander"]
[Result "1-0"]
[WhiteElo "2600"]
[BlackElo "2440"]
[EventDate "1993.03.??"]
[PlyCount "59"]

1.c4 Nf6 2.Nc3 g6 3.d4 Bg7 4.e4 d6 5.h3 O-O 6.Bg5 c5 7.d5 e6 8.Bd3 exd5 9.
cxd5 h6 10.Be3 b5 11.Nxb5 Re8 12.Nc3 Nxe4 13.Nxe4 f5 14.Ne2 fxe4 15.Bc2 
Ba6 16.O-O Nd7 17.Re1 Bxb2 18.Rb1 Bg7 19.Nf4 Nf8 20.Bd2 Bd4 21.Bxe4 Qf6 
22.Rb3 g5 23.Rf3 gxf4 24.Rxf4 Qe7 25.Qh5 Bg7 26.Rg4 Bc8 27.Rg3 Qf7 28.Bh7+
Nxh7 29.Rxe8+ Nf8 30.Bc3 1-0

[Event "Budapest zt-B"]
[Site "Budapest"]
[Date "1993.??.??"]
[Round "6"]
[White "Marin, Mihail"]
[Black "Gazik, Igor"]
[Result "0-1"]
[WhiteElo "2515"]
[BlackElo "2425"]
[EventDate "1993.03.??"]
[PlyCount "82"]

1.d4 Nf6 2.c4 g6 3.Nc3 Bg7 4.e4 d6 5.Bd3 O-O 6.Nge2 e5 7.d5 Na6 8.O-O c6 
9.f3 cxd5 10.cxd5 Nc5 11.Bc2 a5 12.Be3 Ne8 13.Rb1 Bd7 14.a3 f5 15.exf5 
gxf5 16.b4 axb4 17.axb4 Na6 18.f4 Kh8 19.Qd2 Rc8 20.Bd3 Qe7 21.Rb3 Qf7 22.
Ng3 e4 23.Be2 Nf6 24.Rd1 Rg8 25.Bd4 Nc7 26.Ra3 Ra8 27.Ra5 Rgc8 28.Rda1 
Rab8 29.Nf1 h5 30.Ne3 Rg8 31.R1a3 Kh7 32.Ncd1 Bh6 33.Rc3 Rbc8 34.Nc4 Nfxd5
35.Nxd6 Qg6 36.Bxh5 Qxd6 37.Bf7 Nxc3 38.Bxg8+ Rxg8 39.Bxc3 Bxf4 40.Qe1 
Bxh2+ 41.Kf1 Qd3+ 0-1

[Event "Budapest zt-B"]
[Site "Budapest"]
[Date "1993.??.??"]
[Round "7"]
[White "Gazik, Igor"]
[Black "Stohl, Igor"]
[Result "0-1"]
[WhiteElo "2425"]
[BlackElo "2540"]
[EventDate "1993.03.??"]
[PlyCount "121"]

1.e4 c5 2.Nf3 d6 3.d4 cxd4 4.Nxd4 Nf6 5.Nc3 e6 6.Be2 Be7 7.O-O O-O 8.f4 
Qb6 9.Kh1 Nc6 10.Nxc6 bxc6 11.Qd3 d5 12.e5 Nd7 13.Na4 Qc7 14.b3 Nb6 15.Nb2
f6 16.Qg3 a5 17.Nd3 Ba6 18.Qh3 f5 19.Bd2 a4 20.g4 c5 21.gxf5 exf5 22.Rg1 
Bb7 23.Bf3 d4 24.Nb2 g6 25.Qg2 Rfb8 26.Nc4 Bxf3 27.Qxf3 Qb7 28.Qxb7 Rxb7 
29.Nxb6 Rxb6 30.Rgb1 Kf7 31.Kg2 h6 32.Kf3 g5 33.h3 Ke6 34.Rg1 Rba6 35.Rac1
Rg8 36.Ra1 Kd5 37.Rad1 axb3 38.axb3 Ra2 39.Rc1 Rb2 40.Rg2 Ke6 41.Ke2 Kd5 
42.Kd3 Ra8 43.fxg5 hxg5 44.Bxg5 Bxg5 45.Rxg5 Ra3 46.Rxf5 c4+ 47.Kd2 Raxb3 
48.e6+ Ke4 49.Rf2 Rd3+ 50.Ke1 Re3+ 51.Re2 d3 52.cxd3+ cxd3 53.Rxe3+ Kxe3 
54.Kf1 Rf2+ 55.Kg1 d2 56.Ra1 Rf6 57.e7 Rg6+ 58.Kf1 Rf6+ 59.Kg2 Re6 60.Kf1 
Rxe7 61.Ra3+ 0-1

[Event "Budapest zt-B"]
[Site "Budapest"]
[Date "1993.??.??"]
[Round "7"]
[White "Spasov, Vasil"]
[Black "Chernin, Alexander"]
[Result "1/2-1/2"]
[WhiteElo "2520"]
[BlackElo "2600"]
[EventDate "1993.03.??"]
[PlyCount "55"]

1.e4 c6 2.d4 g6 3.Nc3 d6 4.g3 b5 5.Bg2 Bb7 6.Nf3 Bg7 7.O-O Nd7 8.e5 b4 9.
Ne4 d5 10.Ned2 e6 11.a3 bxa3 12.Rxa3 c5 13.dxc5 Nxc5 14.Nb3 Nxb3 15.Rxb3 
Qd7 16.h4 Ne7 17.h5 O-O 18.h6 Bh8 19.Bf4 Rac8 20.Re1 Bc6 21.Nd4 Ba4 22.Ra3
Bb5 23.c3 a6 24.Qf3 Nc6 25.Nxc6 Bxc6 26.Rxa6 Qb7 27.Rea1 Qxb2 28.R6a2 
1/2-1/2

[Event "Budapest zt-B"]
[Site "Budapest"]
[Date "1993.??.??"]
[Round "7"]
[White "Sznapik, Aleksander"]
[Black "Marin, Mihail"]
[Result "0-1"]
[WhiteElo "2440"]
[BlackElo "2515"]
[EventDate "1993.03.??"]
[PlyCount "118"]

1.e4 e5 2.Nf3 Nc6 3.Bb5 a6 4.Ba4 Nf6 5.O-O Nxe4 6.d4 b5 7.Bb3 d5 8.dxe5 
Be6 9.Nbd2 Nc5 10.c3 Be7 11.Bc2 Bg4 12.Re1 O-O 13.h3 Bh5 14.Nf1 Re8 15.Ng3
Bg6 16.Be3 Qd7 17.Bxg6 hxg6 18.Qc2 Ne6 19.Rad1 Na5 20.h4 Nc4 21.Bc1 c5 22.
h5 gxh5 23.Nxh5 Rad8 24.b3 Nb6 25.Qf5 Qc6 26.Nf6+ Bxf6 27.exf6 g6 28.Ne5 
gxf5 29.Nxc6 Kh7 30.Ne7 Rd7 31.Rd3 Rdxe7 32.Rh3+ Kg8 33.fxe7 Kg7 34.Bh6+ 
Kf6 35.Be3 Nc8 36.b4 cxb4 37.Bd4+ Kxe7 38.cxb4 Kd7 39.Bc5 Nd6 40.Bxd6 Kxd6
41.Rh5 f4 42.Rf5 Re7 43.Rc1 Nd4 44.Rf6+ Ke5 45.Rcc6 Nxc6 46.Rxc6 Re6 47.
Rc5 Kd6 48.a4 Re1+ 49.Kh2 bxa4 50.Ra5 Ra1 51.Rxa6+ Kc7 52.Ra5 d4 53.Rd5 
Rd1 54.Ra5 Ra1 55.Rd5 a3 56.Rxd4 a2 57.Rd2 Kb6 58.g3 f3 59.b5 Rh1+ 0-1

[Event "Budapest zt-B"]
[Site "Budapest"]
[Date "1993.??.??"]
[Round "8"]
[White "Haba, Petr"]
[Black "Gazik, Igor"]
[Result "1-0"]
[WhiteElo "2485"]
[BlackElo "2425"]
[EventDate "1993.03.??"]
[PlyCount "75"]

1.d4 Nf6 2.c4 g6 3.Nc3 Bg7 4.e4 d6 5.f3 O-O 6.Be3 e5 7.d5 Na6 8.Qd2 c6 9.
Nge2 cxd5 10.cxd5 Bd7 11.g4 h5 12.h3 Nh7 13.O-O-O h4 14.g5 Nc5 15.Kb1 b5 
16.Rc1 a5 17.Rg1 Qb6 18.Nd1 b4 19.Bxc5 dxc5 20.Ne3 Bb5 21.Nc4 Qa6 22.Qd3 
a4 23.Rg4 Bd7 24.Rg1 Rfc8 25.f4 exf4 26.Nxf4 a3 27.b3 Nxg5 28.d6 Ne6 29.
Nd5 Re8 30.Be2 Nd4 31.Bg4 f5 32.exf5 Qb7 33.f6 Qxd5 34.Bxd7 Qe4 35.Qxe4 
Rxe4 36.Rxg6 Ne2 37.Rxg7+ Kh8 38.Bc6 1-0

[Event "Budapest zt-B"]
[Site "Budapest"]
[Date "1993.??.??"]
[Round "8"]
[White "Kuczynski, Robert"]
[Black "Chernin, Alexander"]
[Result "0-1"]
[WhiteElo "2525"]
[BlackElo "2600"]
[EventDate "1993.03.??"]
[PlyCount "80"]

1.e4 d6 2.d4 Nf6 3.Nc3 g6 4.Nf3 Bg7 5.Be2 O-O 6.O-O Bg4 7.Be3 Nc6 8.Qd2 e5
9.d5 Ne7 10.Rad1 Bd7 11.Ne1 b5 12.a3 a5 13.Nd3 Qb8 14.f3 c6 15.dxc6 Bxc6 
16.b4 d5 17.Bc5 Re8 18.Nf2 axb4 19.axb4 d4 20.Nb1 Ra2 21.Nd3 Nd7 22.Nc1 
Ra8 23.Nd3 Nxc5 24.Nxc5 Nc8 25.Nb3 Qb6 26.Kh1 Nd6 27.Na5 Rec8 28.c3 Bd7 
29.cxd4 exd4 30.Rc1 Be6 31.Na3 Rc3 32.Nb1 Rcc8 33.Na3 Rc3 34.Rxc3 dxc3 35.
Qf4 Nb7 36.Nxb5 Nxa5 37.Nc7 Rc8 38.Nxe6 Qxe6 39.bxa5 c2 40.Bd3 Bb2 0-1

[Event "Budapest zt-B"]
[Site "Budapest"]
[Date "1993.??.??"]
[Round "8"]
[White "Marin, Mihail"]
[Black "Spasov, Vasil"]
[Result "1/2-1/2"]
[WhiteElo "2515"]
[BlackElo "2520"]
[EventDate "1993.03.??"]
[PlyCount "84"]

1.d4 Nf6 2.c4 g6 3.Nc3 Bg7 4.e4 d6 5.Bd3 O-O 6.Nge2 Nc6 7.O-O Nd7 8.Be3 e5
9.d5 Nd4 10.Nb5 Nxe2+ 11.Bxe2 Nc5 12.f3 a5 13.Qc2 f5 14.exf5 Bxf5 15.Qd2 
b6 16.Rae1 Rf7 17.b3 Qf8 18.g4 Bc8 19.Kg2 Bb7 20.Nc3 Qe7 21.Bd1 Raf8 22.
Bc2 Bc8 23.Ne4 Nxe4 24.Bxe4 Bf6 25.Rc1 Bh4 26.a3 Qf6 27.b4 axb4 28.axb4 h5
29.h3 hxg4 30.fxg4 Qe7 31.Qd3 Kg7 32.Bxg6 Rxf1 33.Rxf1 Rxf1 34.Kxf1 Qf6+ 
35.Bf5 Bxf5 36.gxf5 Bg5 37.Bf2 Qh6 38.c5 bxc5 39.bxc5 Kf6 40.c6 Bh4 41.Be3
Bg5 42.Bf2 Bh4 1/2-1/2

[Event "Budapest zt-B"]
[Site "Budapest"]
[Date "1993.??.??"]
[Round "9"]
[White "Chernin, Alexander"]
[Black "Marin, Mihail"]
[Result "1-0"]
[WhiteElo "2600"]
[BlackElo "2515"]
[EventDate "1993.03.??"]
[PlyCount "87"]

1.d4 Nf6 2.c4 c5 3.d5 d6 4.Nc3 g6 5.e4 Bg7 6.h3 O-O 7.Bd3 e6 8.Bg5 exd5 9.
cxd5 Re8 10.Nf3 c4 11.Bc2 b5 12.a3 a5 13.Nxb5 Qb6 14.Qd4 Qxb5 15.Bxf6 Bxf6
16.Qxf6 Nd7 17.Qd4 c3 18.bxc3 Qb2 19.Kd2 Nc5 20.Qxc5 dxc5 21.Rhb1 Rb8 22.
Rxb2 Rxb2 23.Kc1 Rb8 24.c4 Ba6 25.Bd3 Kg7 26.Kc2 f6 27.Kc3 Re7 28.Bc2 Bc8 
29.Nd2 f5 30.Nb3 fxe4 31.Nxc5 e3 32.d6 Re8 33.d7 Bxd7 34.Nxd7 exf2 35.Rf1 
Rb7 36.Nc5 Rf7 37.Ne4 Rf4 38.Kd4 Rf7 39.c5 Rd7+ 40.Kc3 Rde7 41.Rxf2 Rxe4 
42.Bxe4 Rxe4 43.Rc2 Kf7 44.c6 1-0

[Event "Budapest zt-B"]
[Site "Budapest"]
[Date "1993.??.??"]
[Round "9"]
[White "Gazik, Igor"]
[Black "Istratescu, Andrei"]
[Result "0-1"]
[WhiteElo "2425"]
[BlackElo "2470"]
[EventDate "1993.03.??"]
[PlyCount "82"]

1.e4 c5 2.Nf3 d6 3.d4 cxd4 4.Nxd4 Nf6 5.Nc3 a6 6.Be2 e5 7.Nb3 Be7 8.Be3 
Be6 9.O-O O-O 10.a4 Nbd7 11.Qd2 Qc7 12.f3 Rfd8 13.Rfc1 Nb6 14.a5 Nc4 15.
Bxc4 Qxc4 16.Na4 Nd7 17.Qc3 Qc6 18.Qb4 Bf8 19.Qe1 d5 20.exd5 Bxd5 21.Nb6 
Rab8 22.c4 Be6 23.Qf2 Nxb6 24.axb6 Rd3 25.Na5 Qd7 26.c5 Bd5 27.Rd1 e4 28.
Rxd3 exd3 29.Qd2 Bc6 30.Re1 Bb5 31.b4 Re8 32.Bf2 Rxe1+ 33.Bxe1 g6 34.Bf2 
Bh6 35.Qd1 d2 36.c6 Bxc6 37.Nxc6 Qxc6 38.Bc5 a5 39.Qa1 Qd5 40.Qd1 axb4 41.
Bf2 Qc4 0-1

[Event "Budapest zt-B"]
[Site "Budapest"]
[Date "1993.??.??"]
[Round "9"]
[White "Sznapik, Aleksander"]
[Black "Haba, Petr"]
[Result "0-1"]
[WhiteElo "2440"]
[BlackElo "2485"]
[EventDate "1993.03.??"]
[PlyCount "100"]

1.e4 e5 2.Nf3 Nc6 3.Bc4 Nf6 4.d3 Be7 5.Bb3 O-O 6.O-O d6 7.c3 h6 8.Nbd2 Nh7
9.Nc4 Kh8 10.Ne3 Ng5 11.Nxg5 Bxg5 12.d4 Bd7 13.dxe5 dxe5 14.Qe2 Rc8 15.Rd1
Qe8 16.Bd5 g6 17.Nc4 Bxc1 18.Raxc1 Qe7 19.Qe3 Kg7 20.b4 b6 21.b5 Nb8 22.
Qg3 Rce8 23.Ne3 Qg5 24.Qxg5 hxg5 25.c4 Rd8 26.a4 c6 27.bxc6 Nxc6 28.c5 Rc8
29.cxb6 axb6 30.Nc4 Nd4 31.Ra1 Bxa4 32.Rxa4 b5 33.Rb4 bxc4 34.Rxc4 Rxc4 
35.Bxc4 Rc8 36.Bd5 g4 37.h3 gxh3 38.gxh3 Rc3 39.Ra1 Ne2+ 40.Kh2 Nf4 41.Ra5
Rxh3+ 42.Kg1 Rd3 43.Ba2 f6 44.Ra6 Rd2 45.Be6 Kh6 46.Bc8 Kg5 47.Ra3 Nd3 48.
f3 Kh4 49.Ba6 Nf4 50.Bf1 Kg3 0-1

[Event "Budapest zt-B"]
[Site "Budapest"]
[Date "1993.??.??"]
[Round "10"]
[White "Haba, Petr"]
[Black "Spasov, Vasil"]
[Result "1/2-1/2"]
[WhiteElo "2485"]
[BlackElo "2520"]
[EventDate "1993.03.??"]
[PlyCount "22"]

1.d4 Nf6 2.c4 g6 3.Nc3 Bg7 4.e4 d6 5.f3 O-O 6.Be3 Nbd7 7.Bd3 c5 8.Nge2 
cxd4 9.Bxd4 Ne5 10.O-O Be6 11.Nd5 Nxd5 1/2-1/2

[Event "Budapest zt-B"]
[Site "Budapest"]
[Date "1993.??.??"]
[Round "10"]
[White "Istratescu, Andrei"]
[Black "Sznapik, Aleksander"]
[Result "1/2-1/2"]
[WhiteElo "2470"]
[BlackElo "2440"]
[EventDate "1993.03.??"]
[PlyCount "40"]

1.e4 d6 2.d4 Nf6 3.Nc3 g6 4.Nf3 Bg7 5.h3 O-O 6.Be3 c6 7.a4 a5 8.Be2 Na6 9.
O-O Nb4 10.Qd2 d5 11.e5 Ne8 12.Na2 Nxa2 13.Rxa2 f6 14.Bd3 Be6 15.Bh6 Qd7 
16.Bxg7 Nxg7 17.Raa1 Bf5 18.Rfe1 Bxd3 19.Qxd3 Ne6 20.exf6 exf6 1/2-1/2

[Event "Budapest zt-B"]
[Site "Budapest"]
[Date "1993.??.??"]
[Round "10"]
[White "Kuczynski, Robert"]
[Black "Marin, Mihail"]
[Result "1/2-1/2"]
[WhiteElo "2525"]
[BlackElo "2515"]
[EventDate "1993.03.??"]
[PlyCount "101"]

1.e4 e5 2.Nf3 Nc6 3.Bb5 a6 4.Ba4 Nf6 5.O-O Nxe4 6.d4 b5 7.Bb3 d5 8.dxe5 
Be6 9.Nbd2 Nc5 10.c3 Be7 11.Bc2 Bg4 12.Re1 O-O 13.Nb3 Ne4 14.Bf4 Re8 15.
Bxe4 dxe4 16.Rxe4 Qxd1+ 17.Rxd1 Bxf3 18.gxf3 Rad8 19.Ree1 g5 20.Bg3 Kg7 
21.e6 Rxd1 22.Rxd1 f5 23.Bxc7 Kf6 24.f4 g4 25.Re1 Bf8 26.Nd4 Nxd4 27.cxd4 
Rxe6 28.Be5+ Kf7 29.Rc1 Rh6 30.Rc8 Rh3 31.Ra8 h5 32.Rxa6 Be7 33.Rh6 h4 34.
Rh7+ Ke8 35.Rh8+ Kf7 36.Rh7+ Ke8 37.Kf1 Rxh2 38.d5 Rh1+ 39.Ke2 h3 40.d6 
Bd8 41.Bc3 Rb1 42.b3 Bb6 43.d7+ Kf8 44.Bg7+ Kg8 45.Bd4 Kxh7 46.Bxb6 h2 47.
d8=Q h1=Q 48.Qe7+ Kh6 49.Qg5+ Kh7 50.Qxf5+ Kh6 51.Qf6+ 1/2-1/2

[Event "Budapest zt-B"]
[Site "Budapest"]
[Date "1993.??.??"]
[Round "10"]
[White "Stohl, Igor"]
[Black "Chernin, Alexander"]
[Result "1/2-1/2"]
[WhiteElo "2540"]
[BlackElo "2600"]
[EventDate "1993.03.??"]
[PlyCount "25"]

1.d4 Nf6 2.c4 e6 3.Nf3 b6 4.g3 Ba6 5.b3 Bb4+ 6.Bd2 Be7 7.Bg2 c6 8.Bc3 d5 
9.Ne5 O-O 10.O-O Nfd7 11.Nxd7 Nxd7 12.Nd2 Nf6 13.e4 1/2-1/2

[Event "Budapest zt-B"]
[Site "Budapest"]
[Date "1993.??.??"]
[Round "11"]
[White "Spasov, Vasil"]
[Black "Istratescu, Andrei"]
[Result "1-0"]
[WhiteElo "2520"]
[BlackElo "2470"]
[EventDate "1993.03.??"]
[PlyCount "71"]

1.e4 c5 2.Nf3 d6 3.d4 cxd4 4.Nxd4 Nf6 5.Nc3 a6 6.a4 e6 7.Be2 Be7 8.O-O O-O
9.f4 Nc6 10.Be3 Qc7 11.Qe1 Nxd4 12.Bxd4 e5 13.Be3 exf4 14.Bxf4 Be6 15.Qg3 
Nd7 16.Bh6 Qc5+ 17.Kh1 Qe5 18.Bf4 Qc5 19.Be3 Qe5 20.Bf4 Qc5 21.Nd5 Bxd5 
22.exd5 Qxc2 23.Bd3 Qxb2 24.Qh3 Nf6 25.Rab1 Qd4 26.Rxb7 Rae8 27.Bg5 h6 28.
Rxe7 hxg5 29.Rxf6 Qa1+ 30.Rf1 Qxf1+ 31.Bxf1 Rxe7 32.Kg1 Rb8 33.Qc3 g6 34.
Bxa6 Rb1+ 35.Kf2 Re5 36.Bc4 1-0

[Event "Dublin zt"]
[Site "Dublin"]
[Date "1993.??.??"]
[Round "1"]
[White "Clarke, Thomas"]
[Black "Arkell, Keith C"]
[Result "1-0"]
[WhiteElo "2205"]
[BlackElo "2450"]
[EventDate "1993.04.??"]
[PlyCount "107"]

1.e4 c6 2.Nc3 d5 3.Nf3 Bg4 4.h3 Bxf3 5.Qxf3 Nf6 6.g3 e6 7.Bg2 Bb4 8.e5 
Nfd7 9.Qg4 Bf8 10.d4 c5 11.Be3 cxd4 12.Bxd4 Nc6 13.O-O-O Nxd4 14.Rxd4 Nb6 
15.Rhd1 Qd7 16.Bf1 a6 17.Kb1 h5 18.Qg5 Qe7 19.Qe3 Qc7 20.Qg5 g6 21.Na4 Nd7
22.c4 Bh6 23.Qh4 Qxe5 24.cxd5 g5 25.Qe4 Qxe4+ 26.Rxe4 e5 27.g4 Bg7 28.d6 
b5 29.Nc3 Nc5 30.Re3 hxg4 31.hxg4 Rd8 32.b4 Ne6 33.Bg2 Kd7 34.Bb7 Rb8 35.
Bxa6 Nd4 36.Ne4 Rb6 37.Rc3 Nc6 38.Nc5+ Kd8 39.Ra3 Rb8 40.Bb7 Nd4 41.Ra7 
Rh6 42.Be4 Bf8 43.Nd7 Bxd6 44.Nxb8 Bxb8 45.Rxf7 Bd6 46.a3 Ke8 47.Rb7 Rh2 
48.Bf5 Be7 49.Rc1 Nxf5 50.gxf5 Rxf2 51.Rc8+ Bd8 52.Rbb8 Rd2 53.f6 g4 54.
Rxd8+ 1-0

[Event "Dublin zt"]
[Site "Dublin"]
[Date "1993.??.??"]
[Round "1"]
[White "Dunn, Andrew"]
[Black "King, Daniel J"]
[Result "0-1"]
[WhiteElo "2245"]
[BlackElo "2500"]
[EventDate "1993.04.??"]
[PlyCount "92"]

1.c4 b6 2.Nf3 Bb7 3.g3 Bxf3 4.exf3 c5 5.d4 Nc6 6.d5 Nd4 7.Be3 Nf5 8.Nc3 g6
9.Bh3 Nxe3 10.fxe3 Bg7 11.Qd3 Nf6 12.d6 e6 13.Nb5 O-O 14.Nc7 Rc8 15.Rd1 
Ne8 16.Nxe8 Rxe8 17.b3 Rc6 18.f4 Bf8 19.O-O Rxd6 20.Qe4 Qc7 21.f5 Rxd1 22.
Rxd1 Bg7 23.fxg6 hxg6 24.Bg2 Rb8 25.Qd3 Rd8 26.Qd6 Qxd6 27.Rxd6 Kf8 28.Rd3
Ke7 29.Kf2 Be5 30.h4 Rb8 31.Bf1 g5 32.hxg5 Rg8 33.e4 Rxg5 34.Be2 Rg8 35.
Bh5 f6 36.Be2 Bd4+ 37.Kg2 Kd6 38.Bf3 Ke5 39.Rd2 Rg7 40.Rd1 Be3 41.Rh1 Bf4 
42.Rh3 Kd4 43.Kf2 Be5 44.g4 Kc3 45.Be2+ Kb2 46.a4 Kc2 0-1

[Event "Dublin zt"]
[Site "Dublin"]
[Date "1993.??.??"]
[Round "1"]
[White "Howell, James C"]
[Black "Keogh, Eamon"]
[Result "1-0"]
[WhiteElo "2470"]
[BlackElo "2215"]
[EventDate "1993.04.??"]
[PlyCount "107"]

1.e4 e6 2.d4 d5 3.Nd2 dxe4 4.Nxe4 Bd7 5.Nf3 Bc6 6.Bd3 Nd7 7.O-O Ngf6 8.Ng3
Be7 9.c4 h5 10.Bg5 h4 11.Nxh4 Nb6 12.d5 Nfxd5 13.Bxe7 Nxe7 14.Nf3 Bxf3 15.
Qxf3 Nc6 16.Rfd1 Qh4 17.h3 O-O 18.b3 Rad8 19.Be4 Nd4 20.Qe3 c5 21.Ne2 Rd7 
22.g3 Qf6 23.Nxd4 cxd4 24.Qe2 Rfd8 25.Rd3 Qh6 26.Bg2 Nc8 27.Rad1 Ne7 28.b4
b6 29.Kh2 Qg5 30.Qe4 e5 31.f4 exf4 32.Qxf4 Qxf4 33.gxf4 Nf5 34.c5 bxc5 35.
bxc5 Re7 36.c6 Ne3 37.Rxd4 Rxd4 38.Rxd4 Nxg2 39.Kxg2 Rc7 40.Rc4 Kf8 41.Kf3
Ke7 42.Ra4 Kd6 43.Ra6 Kc5 44.a4 Rxc6 45.Rxa7 Rf6 46.Ra5+ Kd4 47.h4 Rc6 48.
Ra7 Rf6 49.h5 Kc5 50.Ra5+ Kb4 51.Rg5 g6 52.h6 Rc6 53.Rb5+ Kxa4 54.Rb8 1-0